000 00253nam a2200109Ia 4500
005 20251222141924.0
008 251222s9999||||xx |||||||||||||| ||spa||
082 _a940.53/E34
100 _a"Eisenhower, Dwight"
245 0 _aCruzada en Europa
942 _cLIB
999 _c8815
_d8815